000 01167nam1a22002531i 4500
001 RU\NLR\INFOCOMM_253\5000017764
005 20240724162353.0
035 _a(NLR Aleph) 009202168
090 _a8696711
_c8696711
100 _a20100427d1988 |||y0rusy50 ba
101 0 _aeng
102 _aRU
105 _ay ||||000|y
200 1 _aCities and ecology
_eCollected rep.
_fThe Intern. experts meet. on ecological approaches to urban planning sponsored by UNESCO - MAB a. UNEP in coop. with the USSR Commiss. for UNESCO a. the USSR Commiss. for UNEP, Sept. 24-30, 1984, Suzdal, USSR
_gMan a. the biosphere progr. (MAB)
210 _aΜ.
_cCentre of intern. projects of the USSR State comm. for science a. technology
_d1988
215 _d24 см
300 _aПеред вып. дан.: Города и экология
606 _aГорода
_xЭкологические исследования
_jСборники
_2nlr_sh1
686 _aС550.661я431
_2rubbk
712 1 2 _aInternational experts meet. on ecological approaches to urban planning
_eSuzdal
_f1984
_4570
801 1 _aRU
_bNLR
_c20100427
801 0 _aRU
_bNLR
_gPSBO
852 _aNLR
_jД01 Д-7/52
942 _cBOOK